Návrh metodiky tvorby stratégie pre KNK v.d., závod NAKO Hriňová (po vstupe SR do EÚ) : Diplomová práca

Salvato in:
Dettagli Bibliografici
Autore principale: Pisárová, Zuzana (Autore)
Altri autori: Sakál, Peter, 1951- (xxx)
Natura: Manoscritto Libro
Lingua:slovacco
Pubblicazione: Trnava : STU v Bratislave MtF KPIM, 2006
Soggetti:
Tags: Aggiungi Tag
Nessun Tag, puoi essere il primo ad aggiungerne!!

MARC

LEADER 00000ntm a22000003a 4500
001 stu121684
005 20160719155442.8
008 060622s2006----xo------------------slo-d
040 |a STU  |b slo 
041 0 |a slo 
044 |a xo 
100 1 |a Pisárová, Zuzana  |4 aut 
245 1 |a Návrh metodiky tvorby stratégie pre KNK v.d., závod NAKO Hriňová (po vstupe SR do EÚ) :  |b Diplomová práca 
260 |a Trnava :  |b STU v Bratislave MtF KPIM,  |c 2006 
300 |a 103 s  |c príl., 1 CD 
650 7 |a priemyselné inžinierstvo a manažment  |2 stusub 
650 7 |a strategický manažment  |2 stusub 
700 1 |a Sakál, Peter,  |d 1951-  |4 xxx  |u M4000  |U MTF Materiálovotechnologická fakulta  |T MTF Ústav priemyselného inžinierstva a manažmentu  |X 325  |U M4000  |Y 84  |7 A000000325 
996 |b 284M073537  |c M*DP-6180  |l MMSKP  |s P  |a 0  |w stu121684_0001